Aryabhata : (Record no. 127331)

MARC details
000 -LEADER
fixed length control field 00744nam a22002417a 4500
005 - DATE AND TIME OF LATEST TRANSACTION
control field 20170124110023.0
010 ## - LIBRARY OF CONGRESS CONTROL NUMBER
LC control number A-760036
020 ## - INTERNATIONAL STANDARD BOOK NUMBER
Terms of availability 00.00
International Standard Book Number 8122407366
035 ## - SYSTEM CONTROL NUMBER
System control number A-760036
037 ## - SOURCE OF ACQUISITION
Source of stock number/acquisition Cen Lib/Ret
040 ## - CATALOGING SOURCE
Original cataloging agency DPL
Language of cataloging EN
082 ## - DEWEY DECIMAL CLASSIFICATION NUMBER
Classification number 510.92
Item number HOO
100 ## - MAIN ENTRY--PERSONAL NAME
Personal name Hooda, D. S
9 (RLIN) 20203
245 ## - TITLE STATEMENT
Title Aryabhata :
Statement of responsibility, etc by D. S. Hooda [and] J. N. Kapur
Remainder of title life and contributions /
260 ## - PUBLICATION, DISTRIBUTION, ETC. (IMPRINT)
Place of publication, distribution, etc New Delhi
Name of publisher, distributor, etc New Age International
Date of publication, distribution, etc 1996
270 ## - ADDRESS
Address 4835/24, Ansari Road, Daryaganj
City New Delhi
Postal code 110002
300 ## - PHYSICAL DESCRIPTION
Extent viii,130p.
Dimensions 21cm(Hb)
500 ## - GENERAL NOTE
General note Includes references
650 ## - SUBJECT ADDED ENTRY--TOPICAL TERM
Topical term or geographic name as entry element Hindu mathematics
9 (RLIN) 20204
650 ## - SUBJECT ADDED ENTRY--TOPICAL TERM
Topical term or geographic name as entry element Hindu astronomy
9 (RLIN) 20205
700 ## - ADDED ENTRY--PERSONAL NAME
Personal name Kapur, J. N
9 (RLIN) 20175
942 ## - ADDED ENTRY ELEMENTS (KOHA)
Source of classification or shelving scheme Dewey Decimal Classification
Koha item type English Books
Classification part 510.92
Call number suffix HOO
Holdings
Withdrawn status Lost status Damaged status Not for loan Home library Current library Date acquired Source of acquisition Cost, normal purchase price Total Checkouts Full call number Barcode Date last seen Copy number Cost, replacement price Price effective from Koha item type
        Central Library Central Library 29/06/2015 Cen Lib/Ret 0.00   510.92 HOO A-760036 29/06/2015 1 0.00 29/06/2015 English Books

© Delhi Public Library
Hit Counter
free hit counter